Things starting with "A" + all letters - Statistics

General Stats
  • This quiz has been taken 43 times
  • The average score is 19 of 26
Answer Stats
Hint Letters Answer % Correct
The first human according to the Bible AD Adam
97%
One of the continents AF Africa
97%
A shout from a sailor AH Ahoy
92%
Disease caused by the HIV virus AI AIDS
92%
The largest artery in the human body AO Aorta
92%
Capital of the United Arab Emirates AB Abu Dhabi
89%
Synonym of "Airplane" AE Aeroplane
89%
Country in the Balkans AL Albania
89%
The Latin word for "Water" AQ Aqua
89%
Synonym of "Spy" AG Agent
83%
Micronation in Europe AN Andorra
83%
Slightly open door or window AJ Ajar
81%
Burrowing, nocturnal animal in Africa AA Aardvark
78%
Synonym of "Related" AK Akin
78%
Country in the Caucasus AR Armenia
75%
Continent in the Southern Hemisphere AU Australia
75%
Yellowish fossil resin AM Amber
69%
A type of fruit about the size of a golf ball AP Apricot
69%
Tool used to chop trees AX Axe
67%
Synonym of "Amazing" AW Awesome
64%
Mesoamerican civilization AZ Aztec
61%
Tree native to tropical and subtropical regions AC Acacia
58%
The 85th element AS Astatine
33%
The Latin word for "Bird" AV Avis
25%
Long-fingered primate native to Madagascar AY Aye-aye
19%
Famous monument in Brussels AT Atomium
17%
No matching quizzes found
Score Distribution
Percent of People with Each Score
Percentile by Number Answered
Your Score History
You have not taken this quiz